| 000 | 01160 a2200361 4500 | ||
|---|---|---|---|
| 264 |
_aAnkara : _bTOBB ETÜ Fen Bilimleri Enstitüsü, _c2016. |
||
| 999 |
_c200425935 _d43858 |
||
| 001 | 200422103 | ||
| 003 | TR-AnTOB | ||
| 005 | 20260210134044.0 | ||
| 008 | 150602s2015 tu 000 0 | ||
| 040 |
_aTR-AnTOB _cTR-AnTOB |
||
| 041 | 0 | _atur | |
| 099 | _aTEZ TOBB FBE ELE YL'16 CEY | ||
| 100 | 1 |
_aCeyhan, Kıvanç _9116895 |
|
| 245 | 1 | 0 |
_aTek darbe pasif yön bulma tekniklerinin analizi / _cKıvanç Ceyhan. |
| 300 |
_axvii 115 sayfa ; _c29 cm. |
||
| 502 | _aTez (Y. Lisans)--TOBB ETÜ Fen Bilimleri Enst. Kasım 2016 | ||
| 504 | _aIncludes bibliographical references. | ||
| 650 | 0 | 0 |
_932546 _aTezler, Akademik |
| 650 | 0 | 0 |
_aDissertations, Academic _932543 |
| 653 | _aFaz farkı | ||
| 653 | _aGenlik karşılaştırma | ||
| 653 | _aİnterferometre | ||
| 653 | _aYön bulma | ||
| 653 | _aPhase difference | ||
| 653 | _aAmplitude comparison | ||
| 653 | _aInterferometer | ||
| 653 | _aDirection finding | ||
| 710 | 2 |
_aTOBB Ekonomi ve Teknoloji Üniversitesi. _bFen Bilimleri Enstitüsü _977078 |
|
| 856 | _uhttps://tez.yok.gov.tr/ | ||
| 942 |
_cTEZ _2z |
||